| 000 | 00408nam a2200181Ia 4500 | ||
|---|---|---|---|
| 001 | 24639 | ||
| 005 | 20260414151057.0 | ||
| 008 | 260414t2008||||xx |||||||||||||| ||spa|| | ||
| 041 | _aESP | ||
| 082 |
_a345.721 _bC16 |
||
| 100 |
_aCaivano, Roque J. _eAUT |
||
| 245 | 0 |
_aArbitraje _b |
|
| 260 | _c2008 | ||
| 300 |
_a399 páginas : _c23 cm. |
||
| 650 | _aDER | ||
| 654 | _aCDE | ||
| 942 |
_cLIB _dJUS _fJUS _2ddc _n |
||
| 999 |
_c24639 _d24639 |
||